Memorias y estados formados por los Registradores de la Propiedad en cumplimiento de lo prevenido en el Real Decreto de 31 de Agosto de 1886 / (Record no. 153858)

MARC details
000 -LEADER
campo de control de longitud fija 01229nam a2200193 i 4500
001 - NÚMERO DE CONTROL
campo de control 153858
003 - IDENTIFICADOR DE NÚMERO DE CONTROL
campo de control ES-MaACL
005 - FECHA Y HORA DE LA ÚLTIMA TRANSACCIÓN
campo de control 20230906205417.0
008 - DATOS DE LONGITUD FIJA--INFORMACIÓN GENERAL
campo de control de longitud fija 981120m18891890sp |||| | spa d
040 ## - FUENTE DE CATALOGACIÓN
Centro catalogador/agencia de origen CCPB | B
Lengua de catalogación spa
Centro/agencia transcriptor CCPB | B
245 00 - MENCIÓN DEL TÍTULO
Título Memorias y estados formados por los Registradores de la Propiedad en cumplimiento de lo prevenido en el Real Decreto de 31 de Agosto de 1886 /
Mención de responsabilidad, etc. publicados por la Dirección General de los Registros Civil y de la Propiedad y del Notariado.
260 ## - PUBLICACIÓN, DISTRIBUCIÓN, ETC.
Lugar de publicación, distribución, etc. Madrid :
Nombre del editor, distribuidor, etc. [s.n.],
Fecha de publicación, distribución, etc. 1889-1890 (
Fabricante Imprenta del Ministerio de Gracia y Justicia)
300 ## - DESCRIPCIÓN FÍSICA
Extensión 3 v. ;
Dimensiones 29 cm.
505 8# - NOTA DE CONTENIDO CON FORMATO
Nota de contenido con formato Contiene: Tomo I: Resúmenes correspondientes a los territorios de las Audiencias de Madrid, Albacete y Barcelona -- Tomo II: Resúmenes correspondientes á los territorios de las Audiencias de Burgos, Cáceres y Coruña -- Tomo III: Resúmenes correspondientes a los territorios de las Audiencias de Granada, Las Palmas, Oviedo, Palma y Pamplona
597 ## - NOTA DE DESCRIPCIÓN FÍSICA
NOTA DE DESCRIPCIÓN FÍSICA Antep.
650 #4 - PUNTO DE ACCESO ADICIONAL DE MATERIA--TÉRMINO DE MATERIA
Término de materia o nombre geográfico como elemento de entrada Propiedad inmobiliaria-
Subdivisión geográfica España.
9 (RLIN) 16487
710 2# - ENTRADA AGREGADA--NOMBRE DE ENTIDAD CORPORATIVA
Nombre de entidad corporativa o nombre de jurisdicción como elemento de entrada España.
Unidad subordinada Dirección General de los Registros Civil y de la Propiedad y del Notariado.
9 (RLIN) 159704
852 ## - LOCALIZACIÓN
Ubicación ES-MaACL
Número de control de estantería C-12857-58
Nota libre -- Enc. hol.
-- -- 4 t. en 2 v.
Holdings
Estatus retirado Estado de pérdida Estado de daño No para préstamo Colección Biblioteca de origen Biblioteca actual Ubicación en estantería Fecha de adquisición Total de préstamos Signatura topográfica completa Código de barras Visto por última vez Precio de reemplazo Tipo de ítem Koha
        Libros del s. XIX Biblioteca del Ateneo de Madrid Biblioteca del Ateneo de Madrid Sala Palomar 17/01/2008   C-12857-58 1160860 23/02/2023 23/02/2023 Libro impreso antiguo